书目信息 |
| 题名: |
单片微机原理及应用
|
|
| 作者: | 丁元杰 主编 | |
| 分册: | ||
| 出版信息: | 北京 机械工业出版社 1999.08 |
|
| 页数: | 318页 | |
| 开本: | 26cm | |
| 丛书名: | ||
| 单 册: | ||
| 中图分类: | TP368.1 , TP | |
| 科图分类: | ||
| 主题词: | 微型计算机 | |
| 电子资源: | ||
| ISBN: | 7-111-04220-4 | |
| 000 | 00616nam0 2200217 45 | |
| 001 | 0947165407 | |
| 005 | 20091101130700.76 | |
| 010 | @a7-111-04220-4@dCNY34.00 | |
| 100 | @a20030328d1999 km y0chiy0120 ea | |
| 101 | 0 | @achi |
| 102 | @aCN@b110000 | |
| 200 | 1 | @a单片微机原理及应用@Adan pian wei ji yuan li ji ying yong@f丁元杰主编@Fding yuan jie zhu bian |
| 205 | @a3版 | |
| 210 | @a北京@c机械工业出版社@d1999.08 | |
| 215 | @a318页@d26cm | |
| 606 | 0 | @a微型计算机 |
| 690 | @aTP368.1@v4 | |
| 690 | @aTP@v3 | |
| 701 | 0 | @a丁元杰@Ading yuan jie@4主编 |
| 801 | 0 | @aCN@bPFT@c20091101 |
| 905 | @a10447@dTP368.1@eD5901=3 | |
| 单片微机原理及应用/丁元杰主编.-3版.-北京:机械工业出版社,1999.08 |
| 318页;26cm |
| ISBN 7-111-04220-4:CNY34.00 |
| ● |
| 相关链接 |
|
|
|
正题名:单片微机原理及应用
索取号:TP368.1/D5901=3
 
预约/预借
| 序号 | 登录号 | 条形码 | 馆藏地/架位号 | 状态 | 备注 |
| 1 | 892123 | 208921238 | 自科库301/301自科库 62排5列4层/ [索取号:TP368.1/D5901=3] | 在馆 | |
| 2 | 892124 | 208921247 | 自科库301/301自科库 62排5列4层/ [索取号:TP368.1/D5901=3] | 在馆 | |
| 3 | 892125 | 208921256 | 自科二线404/404自科库 14排6列1层/ [索取号:TP368.1/D5901=3] | 在馆 |